| 000 | 00662nam a22002177a 4500 | ||
|---|---|---|---|
| 999 |
_c5705 _d5705 |
||
| 003 | AR-CdUCM | ||
| 008 | 190313b ||||| |||| 00| 0 spa d | ||
| 040 |
_aMUNICIPALIDAD PROVINCIAL DEL CUSCO _cBIBLIOTECA MUNICIPAL DEL CUSCO |
||
| 082 |
_a868.90 / _bM79 |
||
| 100 |
_aMoraes Sarmiento, Marina de _916996 |
||
| 245 | _aPoesías / | ||
| 260 |
_aBrasil : _bPetropolis, _c1954. |
||
| 300 |
_a22 paginas ; _c16 cm. |
||
| 500 | _aDonación de la familia Nieto. | ||
| 505 | _aContenido :Poesías. | ||
| 650 |
_aPoesía brasilera _916936 |
||
| 650 |
_aLiteratura brasilera _913828 |
||
| 650 |
_aPoesía contemporánea _93298 |
||
| 942 |
_2ddc _cLIBROS |
||
| 945 | _arum | ||